Welcome to CU Library Online Public Access Catalogue (OPAC)

Contract Law / (Record no. 4529)

MARC details
000 -LEADER
fixed length control field 00520nam a22001817a 4500
005 - DATE AND TIME OF LATEST TRANSACTION
control field 20250305202425.0
008 - FIXED-LENGTH DATA ELEMENTS--GENERAL INFORMATION
fixed length control field 250305b |||||||| |||| 00| 0 eng d
020 ## - INTERNATIONAL STANDARD BOOK NUMBER
International Standard Book Number 9780314247513
050 ## - LIBRARY OF CONGRESS CALL NUMBER
Classification number KF914
Item number .C595 200
100 ## - MAIN ENTRY--PERSONAL NAME
Personal name Burton, Steven J.
245 ## - TITLE STATEMENT
Title Contract Law /
Remainder of title Selected Source Materials
250 ## - EDITION STATEMENT
Edition statement 2000 ed.
260 ## - PUBLICATION, DISTRIBUTION, ETC.
Place of publication, distribution, etc. St. Paul MN
Name of publisher, distributor, etc. West Publishing Co.
Date of publication, distribution, etc. c2000
300 ## - PHYSICAL DESCRIPTION
Extent xxi, 473 p, ;
500 ## - GENERAL NOTE
General note Includes Writers guide, sample form
700 ## - ADDED ENTRY--PERSONAL NAME
Personal name Eisenberg, Melvin A.
942 ## - ADDED ENTRY ELEMENTS (KOHA)
Source of classification or shelving scheme Library of Congress Classification
Koha item type Books
Suppress in OPAC No
999 ## -
-- 4529
-- 4529
Holdings
Withdrawn status Lost status Source of classification or shelving scheme Damaged status Not for loan Collection Home library Current library Shelving location Date acquired Total checkouts Full call number Barcode Date last seen Copy number Price effective from Koha item type
    Library of Congress Classification     Non-fiction Law Library (Christ Temple) Law Library (Christ Temple) General stacks 03/05/2025   KF914.C595 CON LLCT00000393 03/05/2025 1 03/05/2025 Books
    Library of Congress Classification     Non-fiction Law Library (Christ Temple) Law Library (Christ Temple) General stacks 03/05/2025   KF914.C595 CON LLCT00000394 03/05/2025 2 03/05/2025 Books
© 2023-2024 Copyright: Central University Libraries. All Rights Reserved | Created by: Mahone Tech Office